|
|
|
|
| LEADER |
00000nab a2200000uu 4500 |
| 001 |
vtls011448429 |
| 003 |
SK-MaSNL |
| 005 |
20260303151347.0 |
| 008 |
230222|1976 xo |||||||||||||||||slo| |
| 015 |
|
|
|a SNBRB
|
| 035 |
|
|
|a (urnnbn)urn:nbn:sk:snk:ar-005er2
|
| 035 |
|
|
|a (uuid)76f205db-a6e5-4274-985e-99ed49c1942e
|
| 035 |
|
|
|a urn:nbn:sk:snk-abcl2s
|
| 040 |
|
|
|a SNKBUCL
|b slo
|c SNKBUCL
|e AACR2
|
| 041 |
0 |
|
|a slo
|
| 044 |
|
|
|a xo
|c SK
|
| 100 |
1 |
|
|a V. T. POLUJANOV
|4 aut
|9 1170843
|
| 245 |
1 |
0 |
|a Systémový rozvoj technológie - hlavný prostriedok technického pokroku
|c V. T. Polujanov
|
| 773 |
0 |
|
|t Technická práca : časopis Ústřední rady Čs. vědecko-technické společnosti
|g Roč. 28, č. 9 (1976), s. 39-42
|
| 954 |
|
|
|a odborná, vedecká literatúra pôvodná (slovenská)
|2 lita
|
| 958 |
|
|
|a OND
|
| 958 |
|
|
|a EUIPO
|
| 958 |
|
|
|a article16
|
| 999 |
|
|
|c 2017321
|d 2019251
|